| 000 | 01025nam0a2200289 4500 | ||
|---|---|---|---|
| 001 | RU\NLR\bibl\147644 | ||
| 005 | 20260531072552.0 | ||
| 010 |
_a5-85000-006-2 _95000 |
||
| 021 |
_aRU _b2000-53061 _92451 |
||
| 035 | _a(NLR Aleph) 000144689 | ||
| 090 |
_a829042 _c829042 |
||
| 100 | _a20010409d2000 |||y0rusy50 ca | ||
| 101 | 0 | _arus | |
| 102 | _aRU | ||
| 105 | _ay ||||||||| | ||
| 200 | 1 |
_aКосмические легенды Востока _eДрев. легенды. Совр. легенды _f[Авт.-сост. С.В. Стульгинскис] |
|
| 210 |
_aМ. _cСфера _d2000 |
||
| 215 |
_a272,[11] с. _d21 |
||
| 606 | 0 |
_aЭзотерические учения _91568890 _3RU\NLR\auth\66986948 |
|
| 686 | _aЭ391,0 | ||
| 702 | 1 |
_4070 _8rus _7ca _aСтульгинский _bС. В. _f1908-1995 _gСтепан Викентьевич _3RU\NLR\auth\7710259 _9120038 |
|
| 801 | 0 |
_aRU _bNLR _c20010409 _gPSBO |
|
| 801 | 1 |
_aRU _bNLR _c20010409 |
|
| 942 | _cBOOK | ||
| 980 | _aNB | ||